Central Library OPAC University of Rajshahi
Normal view MARC view

Entry Personal Name

Number of records used in: 5

001 - CONTROL NUMBER

  • control field: 5475

003 - CONTROL NUMBER IDENTIFIER

  • control field: BD-RjUL

005 - DATE AND TIME OF LATEST TRANSACTION

  • control field: 20221025114848.0

008 - FIXED-LENGTH DATA ELEMENTS

  • fixed length control field: 221025|| aca||aabn | a|a d

040 ## - CATALOGING SOURCE

  • Original cataloging agency: BD-RjUL
  • Transcribing agency: BD-RjUL

100 ## - HEADING--PERSONAL NAME

  • Personal name: Thackeray, William M.,
  • Dates associated with a name: 1811-1863

670 ## - SOURCE DATA FOUND

  • Source citation: Work cat.: (BD-RjUL)80617: Thackeray, William M. 5474, Front cover image for The luck of Barry Lyndon, Esq. Stubbs's calendar : or The fatal boots and Barber cox, and the cutting of his comb The luck of Barry Lyndon, Esq. Stubbs's calendar :, [1900]